Govt. of
Madhya Pradesh

Lifeworlds PhilosophyAnd India Today (Record no. 16576)

MARC details
000 -LEADER
fixed length control field 003830000a22001570004500
001 - CONTROL NUMBER
control field 004689
003 - CONTROL NUMBER IDENTIFIER
control field MACL
040 ## - CATALOGING SOURCE
Original cataloging agency MACL
090 ## - LOCALLY ASSIGNED LC-TYPE CALL NUMBER (OCLC); LOCAL CALL NUMBER (RLIN)
-- 16682
-- 16681
100 ## - MAIN ENTRY--PERSONAL NAME
Personal name Chatterjee, Margaret
245 ## - TITLE STATEMENT
Title Lifeworlds PhilosophyAnd India Today
Statement of responsibility, etc. Margaret Chatterjee
260 ## - PUBLICATION, DISTRIBUTION, ETC. (IMPRINT)
Place of publication, distribution, etc. Indian Institute Of Advanced Study,
Date of publication, distribution, etc. 2005
350 ## - PRICE (NR) (BK AM CF MU VM SE) [OBSOLETE]
Price 150
650 ## - SUBJECT ADDED ENTRY--TOPICAL TERM
Topical term or geographic name as entry element Philosophy
942 ## - ADDED ENTRY ELEMENTS (KOHA)
Call number prefix 100
Koha item type Library Membar
Holdings
Withdrawn status Lost status Source of classification or shelving scheme Damaged status Not for loan Home library Current library Date acquired Cost, normal purchase price Total Checkouts Full call number Barcode Date last seen Uniform Resource Identifier Price effective from Koha item type
          MACL MACL 15/04/2015 150.00   100 CHA CRE020888 02/05/2024 16484 15/04/2015 Books